Application of Artificial Intelligence in Data Processing from an Ion Mobility Spectrometer

Saved in:
Bibliographic Details
Main Author: Fulajtárová, Laura (Author)
Other Authors: Petrík, Matej (Thesis advisor)
Format: Manuscript Book
Language:Slovak
English
Published: 2025
Subjects:
Online Access:http://is.stuba.sk/zp/portal_zp.pl?podrobnosti=175259
Tags: Add Tag
No Tags, Be the first to tag this record!

MARC

LEADER 00000ntm a22000003a 4500
001 stuzp102881
003 SK-STU
005 20250614211658.0
007 ta
008 150427s2015----xo-----f-mn---000-0-slo-d
040 |a STU  |b slo 
041 0 |a eng 
100 1 |a Fulajtárová, Laura  |u 070400  |4 aut  |U FIIT Fakulta informatiky a informačných technológií  |T FIIT Ústav počítačového inžinierstva a aplikovanej informatiky  |X 120782  |U I400  |Y 672  |7 120782 
242 0 1 |a Využitie umelej inteligencie na spracovanie dát z iónového pohyblivostného spektrometra  |y slo 
245 1 0 |a Application of Artificial Intelligence in Data Processing from an Ion Mobility Spectrometer 
260 |c 2025 
650 4 |a classification  |2 eng 
650 4 |a data science  |2 eng 
650 4 |a data processing  |2 eng 
650 4 |a ion mobility spectrometry  |2 eng 
650 4 |a machine learning  |2 eng 
650 4 |a artificial intelligence  |2 eng 
650 4 |a strojové učenie  |2 slo 
650 4 |a klasifikácia  |2 slo 
650 4 |a spracovanie dát  |2 slo 
650 4 |a iónová pohyblivostná spektrometria  |2 slo 
650 4 |a dátová veda  |2 slo 
650 4 |a umelá inteligencia  |2 slo 
700 1 |a Petrík, Matej  |u 070400  |k Z3  |4 ths  |U FIIT Fakulta informatiky a informačných technológií  |T FIIT Ústav počítačového inžinierstva a aplikovanej informatiky  |X 97006  |U I400  |Y 672  |7 97006 
856 4 |u http://is.stuba.sk/zp/portal_zp.pl?podrobnosti=175259